[Event "82nd Tata Steel Masters 2020"]
[Site "Wijk aan Zee"]
[Date "2020.01.19"]
[Round "8.7"]
[White "Giri, Anish"]
[Black "Artemiev, Vladislav"]
[Result "1/2-1/2"]
[WhiteElo "2768"]
[BlackElo "2731"]
[Annotator "TA"]
[PlyCount "77"]
[EventDate "2020.01.11"]
[EventType "tourn"]
[EventCountry "NED"]
[SourceTitle "playchess.com"]
[Source "ChessBase"]
[SourceQuality "1"]

1. d4 d5 2. c4 c6 3. Nf3 Nf6 4. Nc3 e6 5. Bg5 Nbd7 6. e3 Qa5 7. cxd5 Nxd5 8. Rc1 Bb4 9. a3 Bxc3+ 10. bxc3 b6 11. Qd2 h6 12. Bh4 c5 13. Be2 Ba6 14. c4 Qxd2+ 15. Nxd2 Ne7 16. f3 Rc8 17. O-O Nf5 18. Bf2 cxd4 19. exd4 O-O 20. Rfd1 Rfd8 21. g4 Ne7 22. Bg3 f5 23. a4 fxg4 24. fxg4 Nf6 25. Bf2 Ng6 26. h3 e5 27. dxe5 Nxe5 28. Bg3 Nd3 29. Rc2 Nc5 30. Bf2 Bb7 31. a5 bxa5 32. Ra1 a4 33. Bxc5 Rxc5 34. Rxa4 Re5 35. Bf1 a6 36. c5 Rc8 37. Nb3 Bd5 38. Nd4 Be4 39. Rf2 1/2-1/2

[Event "85th Tata Steel Masters 2023"]
[Site "Wijk aan Zee"]
[Date "2023.01.22"]
[Round "8.7"]
[White "Gukesh D"]
[Black "Maghsoodloo, Parham"]
[Result "1-0"]
[WhiteElo "2725"]
[BlackElo "2719"]
[Annotator "TA"]
[PlyCount "97"]
[EventDate "2023.01.10"]
[EventType "tourn"]
[EventCountry "NED"]
[SourceTitle "playchess.com"]
[Source "ChessBase"]
[SourceQuality "1"]

1. d4 Nf6 2. c4 e6 3. Nf3 h6 4. Nc3 Bb4 5. e3 c5 6. Bd3 O-O 7. O-O d5 8. cxd5 exd5 9. dxc5 Bxc5 10. b3 Nc6 11. Bb2 Bg4 12. h3 Bh5 13. Rc1 Bb6 14. Be2 Rc8 15. Na4 Bc7 16. Nc5 Bxf3 17. Bxf3 Be5 18. Qd2 Qe7 19. Nd3 Bxb2 20. Qxb2 Rfd8 21. Rfd1 g5 22. b4 a6 23. a4 Qd6 24. b5 Ne7 25. a5 axb5 26. Qxb5 Nc6 27. Ra1 Rc7 28. g3 d4 29. Nb2 Nd5 30. Nc4 Qe6 31. exd4 Nc3 32. Qb6 Nxd1 33. Qxc7 Qe1+ 34. Kh2 Qxf2+ 35. Bg2 Rxd4 36. Qxb7 Rxc4 37. Rxd1 Rc2 38. Rg1 Nd4 39. Kh1 Nf5 40. Qb8+ Kg7 41. a6 Ra2 42. Qe5+ Kg6 43. g4 Ne3 44. Be4+ f5 45. Qd6+ Kf7 46. gxf5 g4 47. Qe6+ Kf8 48. Qf6+ Kg8 49. Bd5+ 1-0

[Event "84th Tata Steel Masters 2022"]
[Site "Wijk aan Zee"]
[Date "2022.01.23"]
[Round "8.7"]
[White "Dubov, Daniil"]
[Black "Duda, Jan-Krzysztof"]
[Result "1/2-1/2"]
[WhiteElo "2720"]
[BlackElo "2760"]
[Annotator "TA"]
[PlyCount "94"]
[EventDate "2022.01.15"]
[EventType "tourn"]
[EventCountry "NED"]
[SourceTitle "playchess.com"]
[Source "ChessBase"]
[SourceQuality "1"]

1. d4 Nf6 2. c4 e6 3. Nf3 d5 4. g3 dxc4 5. Bg2 c5 6. O-O Nc6 7. Qa4 Bd7 8. Qxc4 cxd4 9. Nxd4 Rc8 10. Nc3 Nxd4 11. Qxd4 Bc5 12. Qf4 Bc6 13. Bxc6+ Rxc6 14. Rd1 Qc8 15. Be3 O-O 16. Bd4 Bxd4 17. Rxd4 Re8 18. Rd6 Rxd6 19. Qxd6 Rd8 20. Qf4 h6 21. Rc1 Qc6 22. Qe3 a6 23. f3 Nd5 24. Nxd5 Qxd5 25. b3 Qd2 26. Qxd2 Rxd2 27. Rc8+ Kh7 28. Kf2 b5 29. a4 bxa4 30. bxa4 Rd4 31. h4 Kg6 32. Rc5 Rxa4 33. h5+ Kf6 34. f4 a5 35. Kf3 Ra1 36. g4 a4 37. g5+ Ke7 38. Rc7+ Ke8 39. g6 fxg6 40. hxg6 a3 41. Kf2 a2 42. Ra7 Kd8 43. Kg2 Ke8 44. Kf2 h5 45. Kg2 h4 46. e4 h3+ 47. Kh2 Re1 1/2-1/2

[Event "83rd Tata Steel Masters 2021"]
[Site "Wijk aan Zee"]
[Date "2021.01.24"]
[Round "8.7"]
[White "Donchenko, Alexander"]
[Black "Tari, Aryan"]
[Result "1/2-1/2"]
[WhiteElo "2668"]
[BlackElo "2625"]
[Annotator "TA"]
[PlyCount "71"]
[EventDate "2021.01.16"]
[EventType "tourn"]
[EventCountry "NED"]
[SourceTitle "playchess.com"]
[Source "ChessBase"]
[SourceQuality "1"]

1. d4 Nf6 2. c4 e6 3. g3 d5 4. Bg2 dxc4 5. Nf3 c5 6. O-O Nc6 7. Ne5 Bd7 8. Na3 cxd4 9. Naxc4 Be7 10. Bf4 Rc8 11. Nxd7 Qxd7 12. Ne5 Nxe5 13. Bxe5 d3 14. Qxd3 Qxd3 15. exd3 b6 16. Bb7 Rd8 17. Bc6+ Kf8 18. a4 Bd6 19. Bc3 Rc8 20. Bb7 Rc7 21. Bg2 Ke7 22. a5 g6 23. Rfe1 Rd8 24. Rad1 Rcd7 25. Bc6 Rc7 26. Bg2 Rcd7 27. Bc6 Rc7 28. Bf3 Rcd7 29. d4 Kf8 30. Bc6 Re7 31. d5 Nxd5 32. Bxd5 exd5 33. Rxd5 Rxe1+ 34. Bxe1 Ke7 35. axb6 axb6 36. Kf1 1/2-1/2

[Event "85th Tata Steel Challengers 2023"]
[Site "Wijk aan Zee"]
[Date "2023.01.22"]
[Round "8.7"]
[White "Supi, Luis Paulo"]
[Black "Adhiban, B.."]
[Result "0-1"]
[WhiteElo "2608"]
[BlackElo "2610"]
[Annotator "TA"]
[PlyCount "98"]
[EventDate "2023.01.10"]
[EventType "tourn"]
[EventCountry "NED"]
[SourceTitle "playchess.com"]
[Source "ChessBase"]
[SourceQuality "1"]

1. e4 e6 2. d4 d5 3. e5 c5 4. c3 Nc6 5. Nf3 Bd7 6. Be2 Nge7 7. O-O Ng6 8. Be3 Qb6 9. b3 Be7 10. a3 a5 11. Nbd2 O-O 12. Re1 cxd4 13. cxd4 Na7 14. Bd3 Nb5 15. Qc1 Rfc8 16. Qb2 Na7 17. Rac1 Bb5 18. Bb1 Ba6 19. a4 Nc6 20. g3 Nb4 21. h4 h6 22. h5 Nf8 23. g4 Qd8 24. Kh2 Nd3 25. Bxd3 Bxd3 26. Rc3 Rxc3 27. Qxc3 Be4 28. Qb2 Bb4 29. Kg3 Nh7 30. Rc1 Bd3 31. Nf1 f5 32. exf6 Bd6+ 33. Kh3 Qxf6 34. N1h2 Rf8 35. Ne5 Bxe5 36. dxe5 Ng5+ 37. Kg3 Ne4+ 38. Kg2 Qh4 39. Re1 Rf3 40. Nxf3 Qxg4+ 41. Kh2 Qxh5+ 42. Kg2 Qg4+ 43. Kh2 Qxf3 44. Qd4 Be2 45. Rg1 Qh5+ 46. Kg2 Bg4 47. Kf1 Qh3+ 48. Ke1 Qf3 49. Kf1 h5 0-1

[Event "84th Tata Steel Challengers 2022"]
[Site "Wijk aan Zee"]
[Date "2022.01.23"]
[Round "8.7"]
[White "Vogel, Roven"]
[Black "Zhu, Jiner"]
[Result "0-1"]
[WhiteElo "2452"]
[BlackElo "2478"]
[Annotator "TA"]
[PlyCount "74"]
[EventDate "2022.01.15"]
[EventType "tourn"]
[EventCountry "NED"]
[SourceTitle "playchess.com"]
[Source "ChessBase"]
[SourceQuality "1"]

1. Nf3 Nf6 2. d4 d5 3. e3 e6 4. b3 c5 5. Bb2 Nc6 6. Nbd2 Be7 7. a3 O-O 8. Bd3 b6 9. O-O Bb7 10. Qe2 a5 11. Ne5 Qc7 12. Nxc6 Bxc6 13. a4 Rac8 14. f4 Ne4 15. dxc5 Bxc5 16. Kh1 Nxd2 17. Qxd2 f6 18. Qe2 Qe7 19. e4 d4 20. f5 Kh8 21. Qh5 exf5 22. exf5 Rfe8 23. Rf4 Qb7 24. Qg4 Rcd8 25. Rg1 Re5 26. Bc1 Rde8 27. Qh3 Re1 28. Bd2 R1e2 29. Bxe2 Rxe2 30. Rh4 Rxd2 31. Rxh7+ Kg8 32. Rh8+ Kf7 33. Qg4 Bxg2+ 34. Rxg2 Qxg2+ 35. Qxg2 Rd1+ 36. Qg1 Rxg1+ 37. Kxg1 d3+ 0-1

[Event "80th Tata Steel Masters 2018"]
[Site "Wijk aan Zee"]
[Date "2018.01.23"]
[Round "9"]
[White "Caruana, Fabiano"]
[Black "Adhiban, B.."]
[Result "1/2-1/2"]
[WhiteElo "2811"]
[BlackElo "2655"]
[Annotator "TA"]
[PlyCount "121"]
[EventDate "2018.??.??"]
[EventType "tourn"]
[EventRounds "4"]
[EventCountry "NED"]
[SourceTitle "playchess.com"]
[Source "ChessBase"]
[SourceQuality "1"]

1. c4 Nf6 2. Nc3 g6 3. e4 d6 4. d4 Bg7 5. h3 Na6 6. Be3 O-O 7. g4 c5 8. Nge2 b6 9. e5 Ne8 10. Bg2 Rb8 11. O-O Bb7 12. Bxb7 Rxb7 13. Qa4 Nec7 14. exd6 exd6 15. Rad1 Qh4 16. Kg2 f5 17. f3 Qe7 18. Bf2 Qe8 19. Qxe8 Nxe8 20. g5 Nec7 21. Bg3 Ne6 22. d5 Nxg5 23. Bxd6 Rd8 24. Bg3 Nf7 25. Nf4 Bxc3 26. bxc3 Nd6 27. Ne6 Rdd7 28. Bxd6 Rxd6 29. Rfe1 Nc7 30. Nf4 Kf8 31. a4 a6 32. Nd3 Rb8 33. Re5 b5 34. Nxc5 bxc4 35. Rd4 Kf7 36. Kg3 Rb1 37. Rxc4 Rxd5 38. Rxd5 Nxd5 39. Nxa6 Rc1 40. a5 Nxc3 41. Kh4 h6 42. Nc5 g5+ 43. Kh5 Rh1 44. Kxh6 Rxh3+ 45. Kxg5 Rxf3 46. a6 Ne4+ 47. Nxe4 fxe4 48. Ra4 Rg3+ 49. Kf5 Rg8 50. Rxe4 Rh8 51. Re6 Rh5+ 52. Kg4 Ra5 53. Rh6 Kg7 54. Rb6 Kf7 55. Kf4 Ke7 56. Rh6 Kd7 57. a7 Kc7 58. Rh8 Rxa7 59. Rh7+ Kb6 60. Rxa7 Kxa7 61. Ke4 1/2-1/2

[Event "80th Tata Steel Masters 2018"]
[Site "Wijk aan Zee"]
[Date "2018.01.23"]
[Round "9"]
[White "Mamedyarov, Shakhriyar"]
[Black "Kramnik, Vladimir"]
[Result "1/2-1/2"]
[WhiteElo "2804"]
[BlackElo "2787"]
[Annotator "TA"]
[PlyCount "54"]
[EventDate "2018.??.??"]
[EventType "tourn"]
[EventRounds "4"]
[EventCountry "NED"]
[SourceTitle "playchess.com"]
[Source "ChessBase"]
[SourceQuality "1"]

1. e4 e5 2. Nf3 Nc6 3. Bc4 Bc5 4. c3 Nf6 5. d3 O-O 6. O-O d5 7. exd5 Nxd5 8. a4 Bf5 9. Re1 Nb6 10. Bb5 Ne7 11. a5 c6 12. axb6 cxb5 13. Be3 axb6 14. Rxa8 Qxa8 15. Bxc5 bxc5 16. Rxe5 Qd8 17. d4 cxd4 18. Nxd4 Bxb1 19. Qxb1 b4 20. Rb5 bxc3 21. bxc3 Nd5 22. Qd3 Nf4 23. Qf3 Ne6 24. Rxb7 Nxd4 25. cxd4 Qxd4 26. g3 g6 27. h4 h5 1/2-1/2

[Event "80th Tata Steel Masters 2018"]
[Site "Wijk aan Zee"]
[Date "2018.01.23"]
[Round "9"]
[White "So, Wesley"]
[Black "Svidler, Peter"]
[Result "1/2-1/2"]
[WhiteElo "2792"]
[BlackElo "2768"]
[Annotator "TA"]
[PlyCount "75"]
[EventDate "2018.??.??"]
[EventType "tourn"]
[EventRounds "4"]
[EventCountry "NED"]
[SourceTitle "playchess.com"]
[Source "ChessBase"]
[SourceQuality "1"]

1. d4 Nf6 2. Nf3 g6 3. Nbd2 d5 4. e3 Nc6 5. b3 Bg7 6. Bb2 O-O 7. Be2 a5 8. a3 b6 9. O-O e6 10. c4 Ne7 11. cxd5 exd5 12. b4 c6 13. Rc1 axb4 14. axb4 b5 15. Nb3 Ra2 16. Bc3 Ne4 17. Be1 Ra6 18. Nc5 Rb6 19. Ra1 Bg4 20. h3 Bxf3 21. Bxf3 Nxc5 22. bxc5 Rb8 23. Ra7 Ra8 24. Qa1 Qb8 25. Rxa8 Qxa8 26. Bb4 Qb7 27. Qc3 Ra8 28. Ra1 h5 29. g4 hxg4 30. hxg4 f5 31. Rxa8+ Qxa8 32. Qa3 Qc8 33. gxf5 Qxf5 34. Kg2 g5 35. Be2 Qe4+ 36. Bf3 Qf5 37. Be2 Qe4+ 38. Bf3 1/2-1/2

[Event "80th Tata Steel Masters 2018"]
[Site "Wijk aan Zee"]
[Date "2018.01.23"]
[Round "9"]
[White "Anand, Viswanathan"]
[Black "Carlsen, Magnus"]
[Result "1/2-1/2"]
[WhiteElo "2767"]
[BlackElo "2834"]
[Annotator "TA"]
[PlyCount "63"]
[EventDate "2018.??.??"]
[EventType "tourn"]
[EventRounds "4"]
[EventCountry "NED"]
[SourceTitle "playchess.com"]
[Source "ChessBase"]
[SourceQuality "1"]

1. e4 e5 2. Nf3 Nc6 3. Bb5 a6 4. Ba4 Nf6 5. O-O Be7 6. Re1 b5 7. Bb3 d6 8. c3 O-O 9. h3 Nb8 10. d4 Nbd7 11. Nbd2 Bb7 12. Bc2 Re8 13. Nf1 Bf8 14. Ng3 g6 15. a4 Nb6 16. axb5 axb5 17. Bg5 Bg7 18. Bd3 Rxa1 19. Qxa1 c6 20. Be3 Qc7 21. dxe5 dxe5 22. Qc1 Bc8 23. Qc2 Nfd7 24. c4 Nxc4 25. Bxc4 bxc4 26. Qxc4 Nf8 27. Rc1 Bb7 28. Nf1 Ne6 29. N1d2 Qa5 30. Ng5 Nxg5 31. Bxg5 Bf8 32. Be3 1/2-1/2

[Event "80th Tata Steel Masters 2018"]
[Site "Wijk aan Zee"]
[Date "2018.01.23"]
[Round "9"]
[White "Karjakin, Sergey"]
[Black "Wei, Yi"]
[Result "1/2-1/2"]
[WhiteElo "2753"]
[BlackElo "2743"]
[Annotator "TA"]
[PlyCount "71"]
[EventDate "2018.??.??"]
[EventType "tourn"]
[EventRounds "4"]
[EventCountry "NED"]
[SourceTitle "playchess.com"]
[Source "ChessBase"]
[SourceQuality "1"]

1. d4 d5 2. c4 e6 3. Nf3 Nf6 4. g3 Bb4+ 5. Bd2 Be7 6. Bg2 O-O 7. O-O Nbd7 8. Qc2 c6 9. Rc1 b6 10. cxd5 cxd5 11. Bf4 Bb7 12. Qb3 Rc8 13. Rxc8 Qxc8 14. Nc3 Nh5 15. Bg5 Bxg5 16. Nxg5 Qb8 17. e3 Nhf6 18. Bf1 h6 19. Nf3 Ne4 20. a4 Rc8 21. a5 bxa5 22. Rxa5 Bc6 23. Qa3 Rc7 24. Nxe4 dxe4 25. Nd2 Bd5 26. b3 Rb7 27. Ba6 Rc7 28. Bc4 Nf6 29. Qd6 Ne8 30. Qa3 Nf6 31. Kg2 Rb7 32. h3 Kh7 33. Ba6 Rb4 34. Bc4 Rb7 35. Ra6 Nd7 36. Ra5 1/2-1/2

[Event "80th Tata Steel Challengers 2018"]
[Site "Wijk aan Zee"]
[Date "2018.01.23"]
[Round "9"]
[White "Vidit, Santosh Gujrathi"]
[Black "Bluebaum, Matthias"]
[Result "1/2-1/2"]
[WhiteElo "2718"]
[BlackElo "2640"]
[Annotator "TA"]
[PlyCount "87"]
[EventDate "2018.??.??"]
[EventType "tourn"]
[EventCountry "NED"]
[SourceTitle "playchess.com"]
[Source "ChessBase"]
[SourceQuality "1"]

1. d4 d5 2. c4 e6 3. Nf3 Nf6 4. g3 Bb4+ 5. Bd2 Be7 6. Bg2 O-O 7. O-O c6 8. Qc2 Nbd7 9. Bf4 b6 10. cxd5 cxd5 11. Rc1 Bb7 12. Qb3 Rc8 13. Rxc8 Qxc8 14. Nc3 Nh5 15. Bg5 Bxg5 16. Nxg5 h6 17. Nf3 Qb8 18. e3 Nhf6 19. Bf1 Rc8 20. a4 a5 21. Rc1 Qa8 22. Rc2 Ba6 23. Bxa6 Qxa6 24. Nb5 Ne4 25. Ne1 Nb8 26. f3 Nf6 27. Nd3 Rxc2 28. Qxc2 Qb7 29. Ne5 Ne8 30. e4 f6 31. Ng6 dxe4 32. fxe4 Kf7 33. Nf4 Qc6 34. Qe2 g5 35. Nd3 Ke7 36. b3 Kf8 37. d5 exd5 38. exd5 Qd7 39. Qf3 Qe7 40. Nd4 Ng7 41. Kf2 Nd7 42. Qe3 f5 43. Nc6 Qa3 44. Nce5 1/2-1/2

[Event "80th Tata Steel Challengers 2018"]
[Site "Wijk aan Zee"]
[Date "2018.01.23"]
[Round "9"]
[White "Amin, Bassem"]
[Black "Girya, Olga"]
[Result "1-0"]
[WhiteElo "2693"]
[BlackElo "2489"]
[Annotator "TA"]
[PlyCount "141"]
[EventDate "2018.??.??"]
[EventType "tourn"]
[EventCountry "NED"]
[SourceTitle "playchess.com"]
[Source "ChessBase"]
[SourceQuality "1"]

1. Nf3 d5 2. g3 c6 3. Bg2 Bf5 4. O-O e6 5. d3 h6 6. Nbd2 Nf6 7. b3 Be7 8. Bb2 O-O 9. c4 Nbd7 10. a3 a5 11. Ra2 Bh7 12. Qa1 Re8 13. Ne5 Bf8 14. Nxd7 Nxd7 15. Rc1 Bg6 16. Bc3 Bh5 17. Kf1 Qg5 18. h3 Rec8 19. b4 axb4 20. axb4 Qd8 21. Rcc2 Bg6 22. Ra5 d4 23. Bxd4 Bxb4 24. Raa2 Nc5 25. Kg1 f6 26. Be3 Qf8 27. Qb1 Na4 28. c5 Bxd2 29. Bxd2 Nxc5 30. Bb4 b6 31. Rxa8 Rxa8 32. Bxc6 Rd8 33. Ba3 Rb8 34. Rb2 Qc8 35. Rxb6 Rxb6 36. Qxb6 Nd7 37. Qb7 Qxb7 38. Bxb7 h5 39. f4 Be8 40. Bd6 Nb6 41. Kf2 f5 42. Ke3 Ba4 43. Kd4 Kf7 44. e3 g6 45. Kc5 Nd7+ 46. Kb4 Bd1 47. Bc6 Nf6 48. Kc3 Nd5+ 49. Kd4 Be2 50. e4 fxe4 51. dxe4 Nf6 52. Be5 Ng8 53. Kc5 Bf1 54. h4 Bd3 55. Kd6 Ne7 56. Bb7 Bc2 57. Bd4 Ba4 58. Ba6 Bb3 59. Bb5 Bc2 60. Bc4 Bxe4 61. Bxe6+ Ke8 62. Ke5 Bf5 63. Bf2 Bd3 64. Kf6 Be4 65. Be1 Nd5+ 66. Ke5 Nc7 67. Bc4 Bb7 68. Ba5 Ba6 69. Bxa6 Nxa6 70. Kf6 Nc5 71. Kxg6 1-0

[Event "80th Tata Steel Challengers 2018"]
[Site "Wijk aan Zee"]
[Date "2018.01.23"]
[Round "9"]
[White "Krasenkow, Michal"]
[Black "Van Foreest, Jorden"]
[Result "0-1"]
[WhiteElo "2671"]
[BlackElo "2629"]
[Annotator "TA"]
[PlyCount "134"]
[EventDate "2018.??.??"]
[EventType "tourn"]
[EventCountry "NED"]
[SourceTitle "playchess.com"]
[Source "ChessBase"]
[SourceQuality "1"]

1. d4 d5 2. c4 dxc4 3. e4 e5 4. Nf3 Bb4+ 5. Nc3 Nf6 6. Bxc4 exd4 7. Nxd4 O-O 8. O-O Bxc3 9. bxc3 Nxe4 10. Qf3 Nd6 11. Bb3 Nd7 12. Re1 Qh4 13. Bf4 Nf6 14. Re7 Nd5 15. Bxd6 Nxe7 16. g3 Qg4 17. Qxg4 Bxg4 18. Bxe7 Rfe8 19. Bg5 Bd7 20. a4 Re5 21. Bf4 Rc5 22. c4 a6 23. h4 Re8 24. Rd1 h6 25. Nc2 Be6 26. Nb4 Bxc4 27. Rc1 Bd5 28. Nxd5 Rxc1+ 29. Bxc1 Re1+ 30. Kg2 Rxc1 31. Kf3 c5 32. Ke2 Kf8 33. Kd2 Rf1 34. Ke2 Ra1 35. Kd2 b5 36. axb5 axb5 37. Ne3 Ra3 38. Bc2 g6 39. Nd5 c4 40. Ke2 h5 41. Kd2 Kg7 42. Be4 f5 43. Bc2 Kf7 44. Ke2 Ra7 45. Ke3 Rd7 46. Nb4 Ke6 47. f3 Ke5 48. g4 hxg4 49. fxg4 Rh7 50. gxf5 gxf5 51. Nc6+ Kd5 52. Bxf5 Rxh4 53. Nb4+ Kc5 54. Na6+ Kb6 55. Nb4 Ka5 56. Nc6+ Ka4 57. Nd4 b4 58. Nf3 Rh8 59. Kd2 Kb3 60. Be6 Rd8+ 61. Kc1 Kc3 62. Ng1 Rd2 63. Bg4 Rc2+ 64. Kd1 b3 65. Ne2+ Kb2 66. Nd4 c3 67. Ke1 Rd2 0-1

[Event "80th Tata Steel Masters 2018"]
[Site "Wijk aan Zee"]
[Date "2018.01.23"]
[Round "9"]
[White "Jones, Gawain C B"]
[Black "Hou, Yifan"]
[Result "1/2-1/2"]
[WhiteElo "2640"]
[BlackElo "2680"]
[Annotator "TA"]
[PlyCount "130"]
[EventDate "2018.??.??"]
[EventType "tourn"]
[EventRounds "4"]
[EventCountry "NED"]
[SourceTitle "playchess.com"]
[Source "ChessBase"]
[SourceQuality "1"]

1. c4 e6 2. g3 Nf6 3. Bg2 d5 4. Nf3 Be7 5. O-O O-O 6. d4 dxc4 7. Ne5 Nc6 8. Nxc6 bxc6 9. Na3 Bxa3 10. bxa3 Ba6 11. a4 Qc8 12. Ba3 Rd8 13. Be7 Rd5 14. Bxf6 gxf6 15. Bxd5 cxd5 16. e4 dxe4 17. Qg4+ Kf8 18. Qxe4 Bb7 19. Qxh7 Qd7 20. Qh6+ Ke7 21. Qe3 Qxa4 22. Rab1 Bd5 23. Rb2 Rh8 24. Qc3 a5 25. f3 Kd7 26. Rc1 Ra8 27. Qe3 Rg8 28. Kg2 f5 29. Kf2 Rh8 30. Ke1 Qc6 31. Rc3 Qa8 32. Qe2 Qa7 33. Qd1 e5 34. Qa4+ Kc8 35. Rxc4 Bxc4 36. Qxc4 Rd8 37. Kf1 Qxd4 38. Qa6+ Kd7 39. Qb5+ Ke7 40. Kg2 Rd5 41. Qe2 Kf6 42. Rc2 Qb4 43. Qe3 c5 44. Qh6+ Ke7 45. Re2 Qb5 46. Rf2 Qb8 47. Qg5+ Ke6 48. g4 f4 49. Qf5+ Ke7 50. Re2 Kf8 51. Qf6 Qd6 52. Qxd6+ Rxd6 53. Rxe5 Rd2+ 54. Kh3 Rxa2 55. Rxc5 Ra3 56. Kh4 Rxf3 57. Rxa5 Rf2 58. h3 Rf3 59. Rh5 Ra3 60. Rf5 Rf3 61. Rf6 Kg7 62. g5 Kg8 63. Ra6 Kg7 64. Rf6 Kg8 65. Rh6 Rg3 1/2-1/2

[Event "80th Tata Steel Challengers 2018"]
[Site "Wijk aan Zee"]
[Date "2018.01.23"]
[Round "9"]
[White "L'Ami, Erwin"]
[Black "Xiong, Jeffery"]
[Result "0-1"]
[WhiteElo "2634"]
[BlackElo "2634"]
[Annotator "TA"]
[PlyCount "116"]
[EventDate "2018.??.??"]
[EventType "tourn"]
[EventCountry "NED"]
[SourceTitle "playchess.com"]
[Source "ChessBase"]
[SourceQuality "1"]

1. c4 c5 2. Nf3 Nf6 3. Nc3 d5 4. cxd5 Nxd5 5. e3 Nc6 6. Bb5 Nxc3 7. bxc3 Bd7 8. O-O e6 9. d4 Be7 10. e4 O-O 11. Be2 Qc7 12. Be3 Rfd8 13. Rc1 Rac8 14. Qb3 Na5 15. Qb1 Ba4 16. Ne5 Nc6 17. Nxf7 Kxf7 18. d5 Na5 19. dxe6+ Kg8 20. f4 c4 21. Bxa7 Rd2 22. Bg4 b5 23. Be3 Rd3 24. Rce1 Rxc3 25. e5 Rxe3 26. Rxe3 Bc5 27. Qe4 Bxe3+ 28. Qxe3 Qc5 29. Kf2 c3 30. e7 Qxe3+ 31. Kxe3 Re8 32. Rc1 b4 33. Be6+ Kh8 34. a3 Rxe7 35. Bd5 Nb3 36. Bxb3 Bxb3 37. axb4 c2 38. Kd2 Rd7+ 39. Kc3 Rd1 40. Kb2 Ba4 41. b5 Rxc1 42. Kxc1 Bxb5 43. Kxc2 Kg8 44. Kd2 Kf7 45. Ke3 Ke6 46. g4 Kd5 47. h4 Bd7 48. Kf3 Bc8 49. h5 h6 50. g5 Bf5 51. Ke3 Bg4 52. gxh6 gxh6 53. Kd3 Bxh5 54. Ke3 Ke6 55. Kf2 Kf5 56. Kg3 Bf7 57. Kf3 h5 58. Kg3 Ke4 0-1

[Event "80th Tata Steel Challengers 2018"]
[Site "Wijk aan Zee"]
[Date "2018.01.23"]
[Round "9"]
[White "Tari, Aryan"]
[Black "Bok, Benjamin"]
[Result "1/2-1/2"]
[WhiteElo "2599"]
[BlackElo "2607"]
[Annotator "TA"]
[PlyCount "35"]
[EventDate "2018.??.??"]
[EventType "tourn"]
[EventCountry "NED"]
[SourceTitle "playchess.com"]
[Source "ChessBase"]
[SourceQuality "1"]

1. c4 c6 2. g3 d5 3. Bg2 Nf6 4. d4 dxc4 5. Nf3 g6 6. O-O Bg7 7. Qc2 b5 8. Nbd2 O-O 9. b3 cxb3 10. axb3 Bb7 11. Bb2 Na6 12. Ne5 Nb4 13. Qc5 a5 14. Ba3 Nd7 15. Nxd7 Qxd7 16. Bxb4 axb4 17. e3 e5 18. Nf3 1/2-1/2

[Event "81st Tata Steel Challengers 2019"]
[Site "Wijk aan Zee"]
[Date "2019.01.22"]
[Round "9"]
[White "Praggnanandhaa R"]
[Black "Korobov, Anton"]
[Result "1/2-1/2"]
[WhiteElo "2539"]
[BlackElo "2699"]
[Annotator "TA"]
[PlyCount "103"]
[EventDate "2019.01.12"]
[EventType "tourn"]
[EventCountry "NED"]
[SourceTitle "playchess.com"]
[Source "ChessBase"]
[SourceQuality "1"]

1. e4 e5 2. Nf3 Nc6 3. Bc4 Bc5 4. c3 Nf6 5. d3 a5 6. O-O d6 7. Nbd2 O-O 8. h3 Ba7 9. Re1 Ne7 10. Bb3 Ng6 11. Nf1 Nh5 12. Bg5 Qe8 13. Nxe5 Nxe5 14. d4 Nf6 15. Bxf6 gxf6 16. dxe5 Qxe5 17. Qf3 Be6 18. Ne3 a4 19. Bd5 Kh8 20. Rad1 Rg8 21. Bxe6 fxe6 22. Ng4 Qg5 23. Qxf6+ Qxf6 24. Nxf6 Raf8 25. e5 Bxf2+ 26. Kxf2 dxe5 27. g4 Rxf6+ 28. Kg3 Rgf8 29. Rxe5 R8f7 30. Rd8+ Kg7 31. Rg5+ Rg6 32. Ra5 Rgf6 33. Rg5+ Rg6 34. Kh4 Rxg5 35. Kxg5 h6+ 36. Kh5 Re7 37. Rd4 e5 38. Re4 b5 39. h4 c6 40. b3 a3 41. c4 Re8 42. g5 hxg5 43. hxg5 Rh8+ 44. Kg4 Rh2 45. Rxe5 Rxa2 46. cxb5 cxb5 47. Rxb5 Rg2+ 48. Kf5 Rf2+ 49. Ke4 a2 50. Ra5 Rb2 51. Kf5 Rf2+ 52. Ke4 1/2-1/2

[Event "80th Tata Steel Challengers 2018"]
[Site "Wijk aan Zee"]
[Date "2018.01.23"]
[Round "9"]
[White "Harika, Dronavalli"]
[Black "Korobov, Anton"]
[Result "1/2-1/2"]
[WhiteElo "2497"]
[BlackElo "2652"]
[Annotator "TA"]
[PlyCount "155"]
[EventDate "2018.??.??"]
[EventType "tourn"]
[EventCountry "NED"]
[SourceTitle "playchess.com"]
[Source "ChessBase"]
[SourceQuality "1"]

1. Nf3 Nf6 2. c4 b6 3. g3 Bb7 4. Bg2 c5 5. O-O g6 6. b3 Bg7 7. Bb2 O-O 8. Nc3 d6 9. e3 Nbd7 10. Rc1 e6 11. d4 Qe7 12. Qe2 a6 13. Rfd1 Rac8 14. Na4 Rfd8 15. dxc5 bxc5 16. Bc3 h5 17. Ne1 Bxg2 18. Nxg2 Nf8 19. f3 N8d7 20. Rc2 Nb8 21. Rcd2 Nc6 22. Rd3 Rb8 23. Nf4 Nb4 24. R3d2 Qc7 25. Nd3 Nc6 26. Nf4 Ne7 27. Nd3 Kh7 28. Nf2 Neg8 29. Rd3 Qc6 30. e4 Ne8 31. Bxg7 Nxg7 32. Qe3 Qc7 33. e5 Nf5 34. exd6 Rxd6 35. Qxc5 Rc6 36. Qa3 Nf6 37. Ne4 Qa7+ 38. c5 e5 39. Nxf6+ Rxf6 40. Qb2 Nd4 41. f4 Re8 42. Nb6 Rf5 43. b4 a5 44. a3 axb4 45. axb4 Rd8 46. Nc4 Nf3+ 47. Kf2 Rxd3 48. Rxd3 Nxh2 49. Nxe5 Qa8 50. Kg1 Ng4 51. Nxg4 hxg4 52. Rd2 f6 53. Qa2 Qe8 54. Rh2+ Rh5 55. Rxh5+ gxh5 56. Qc2+ Kg7 57. Kf2 Qc6 58. Qd3 Qh1 59. Qe3 Qh2+ 60. Ke1 h4 61. Qe7+ Kg6 62. Qe8+ Kf5 63. Qh5+ Ke4 64. Qxh4 Qg1+ 65. Kd2 Qd4+ 66. Kc2 Qc4+ 67. Kd1 Qb3+ 68. Kc1 Qc3+ 69. Kb1 Qxb4+ 70. Ka2 Qa4+ 71. Kb2 Qb5+ 72. Ka2 Qc4+ 73. Kb2 Qb5+ 74. Ka2 Kd3 75. Qxg4 Qa6+ 76. Kb2 Qb5+ 77. Ka2 Qc4+ 78. Kb2 1/2-1/2

[Event "81st Tata Steel Tienkamp 2019"]
[Site "Wijk aan Zee"]
[Date "2019.01.27"]
[Round "9"]
[White "Beerdsen, Thomas"]
[Black "Brink, Barry"]
[Result "1/2-1/2"]
[WhiteElo "2484"]
[BlackElo "2385"]
[Annotator "TA"]
[PlyCount "52"]
[EventDate "2019.01.12"]
[EventType "tourn"]
[EventCountry "NED"]
[SourceTitle "playchess.com"]
[Source "ChessBase"]
[SourceQuality "1"]

1. e4 c5 2. Nf3 e6 3. d4 cxd4 4. Nxd4 Nc6 5. Nc3 Qc7 6. Be3 a6 7. Qd2 Be7 8. f4 b5 9. O-O-O Bb7 10. Nb3 Nf6 11. Nc5 d6 12. Nxb7 Qxb7 13. Bd3 O-O 14. Qe2 Rac8 15. Kb1 Rfd8 16. Rhf1 Bf8 17. g4 Nd7 18. g5 Nc5 19. Bxc5 dxc5 20. e5 c4 21. Bxh7+ Kxh7 22. Ne4 Rxd1+ 23. Qxd1 Be7 24. Qh5+ Kg8 25. Nf6+ Bxf6 26. gxf6 Ne7 1/2-1/2